Régulation theory among theories of institutions /
Gespeichert in:
| 1. Verfasser: | |
|---|---|
| Format: | Text |
| Tags: |
Tag hinzufügen
Keine Tags, Fügen Sie den ersten Tag hinzu!
|
MARC
| LEADER | 00000 a a2200000 04500 | ||
|---|---|---|---|
| 001 | 43953 | ||
| 003 | |||
| 040 | |||
| 100 | |a Villeval, Marie-Claire | ||
| 245 | |a Régulation theory among theories of institutions / |c Marie-Claire Villeval | ||
| 773 | |g páginas 291-298 | ||
| 999 | |c 38298 |d 38298 | ||
